Historie československých motocyklů v obrazech = Czechoslovak motorcycles history in picture /

Hlavní autor: Straka, Miloslav
Jazyk: Ruština
Němčina
Francouzština
Čeština
Angličtina
Vydáno: Praha : Moto Public, 2012
Vydání: Vyd. 1.
Témata:
Fyzický popis: 283 s. : il. (převážně barev.), portréty, faksim. ; 30 cm
Language note: Souběžný anglický text, část. anglický, německý, francouzský a ruský text
Knihy
Uloženo v:
LEADER 01762nam a2200457 a 4500
001 nkc20122370494
003 CZ PrNK
005 20240111134924.0
007 ta
008 130110s2012 xr acf e 000 0 cze
015 |a cnb002370494 
020 |a 978-80-904221-7-9  |q (brož.) :  |c Kč 380,00 
035 |a (OCoLC)827259262 
040 |a ABA001  |b cze 
041 1 |a cze  |a eng  |a ger  |a fre  |a rus  |h cze 
043 |a e-cs--- 
072 7 |a 629  |x Dopravní prostředky  |2 Konspekt  |9 19 
080 |a 629.326  |2 MRF 
080 |a 77.033:659.13  |2 MRF 
080 |a (437)  |2 MRF 
080 |a (084.11)  |2 MRF 
100 1 |a Straka, Miloslav  |7 hka2010597360  |4 aut 
245 1 0 |a Historie československých motocyklů v obrazech =  |b Czechoslovak motorcycles history in picture /  |c Miloslav Straka 
246 3 1 |a Czechoslovak motorcycles history in picture 
250 |a Vyd. 1. 
260 |a Praha :  |b Moto Public,  |c 2012 
300 |a 283 s. :  |b il. (převážně barev.), portréty, faksim. ;  |c 30 cm 
500 |a Správné místo vyd.: Týnec nad Sázavou 
546 |a Souběžný anglický text, část. anglický, německý, francouzský a ruský text 
650 0 7 |a motocykly  |7 ph115359  |z Československo  |2 czenas 
650 0 7 |a reklamní fotografie  |7 ph136972  |2 czenas 
650 0 9 |a motorcycles  |z Czechoslovakia  |2 eczenas 
650 0 9 |a advertising photography  |2 eczenas 
655 7 |a obrazové publikace  |7 fd132947  |2 czenas 
655 9 |a pictorial works  |2 eczenas 
910 2 |a BOA001  |b 4-1351.603 
990 |a BK 
995 |a 01 
991 |b 201508  |c NOV  |e n 
996 6 |b 2610642415  |c 4-1351.603  |l MZK  |r Sklad / do 1 hodiny  |n 0  |p kup  |w 001520087  |u 000010  |a 1  |e BOA001  |j MZK50  |s P 
996 7 |b 2610656375  |c 4-1351.603  |l MZK  |r Sklad / do 1 hodiny  |n 1  |p dar  |w 001520087  |u 000020  |a 1  |e BOA001  |j MZK50  |s A